Plan de educación para el desarrollo y la integración de América Latina

Gorde:
Xehetasun bibliografikoak
Erakunde egilea: UNESCO (Egilea)
Formatua: Liburua
Hizkuntza:gaztelania
Argitaratua: Sao Paulo Parlamento Latinoamericano 1997
Gaiak:
Etiketak: Etiketa erantsi
Etiketarik gabe, Izan zaitez lehena erregistro honi etiketa jartzen!

MARC

LEADER 00000nam a2200000 a 4500
001 UCO5215
003 CL-VaPUC
008 000825e19970000BL |||||||||||||||||spa|d
082 0 4 |a 379.98  |b UNE  |2 21 
110 2 |a UNESCO  |e author  |9 449997 
245 1 0 |a Plan de educación para el desarrollo y la integración de América Latina 
300 |a v 
942 |c BK 
945 |d 20000825 00:00:00  |a vberengu 
260 |a Sao Paulo  |b Parlamento Latinoamericano  |c 1997 
500 |a v.1: Resumen Ejecutivo 
500 |a v.2: Las Propuestas del Plan 
500 |a v.3: Marco Teórico 
650 0 |a Planificación de la educación   |9 307333 
650 0 |a Educación  |9 258661 
650 0 |a Integración   |9 316470 
651 0 |a América Latina   |9 255027 
583 |a last modification  |c 20000825 00:00:00  |k Rodrigo Vera 
999 |c 291159  |d 291157 
952 |0 0  |1 0  |4 0  |6 379_980000000000000_UNE_1997  |7 0  |8 P  |9 340908  |a BIBEDU  |b BIBEDU  |c BIBEDU_PB  |d 2019-11-20  |h v.1  |i 363082K  |o 379.98 UNE 1997  |p 363082K  |r 2024-01-25  |w 2019-11-20  |y BK  |k BME 
952 |0 0  |1 0  |4 0  |6 379_980000000000000_UNE_1997  |7 0  |8 P  |9 340909  |a BIBEDU  |b BIBEDU  |c BIBEDU_PB  |d 2019-11-20  |h v.2  |i 3630838  |o 379.98 UNE 1997  |p 3630838  |r 2024-01-25  |w 2019-11-20  |y BK  |k BME 
952 |0 0  |1 0  |4 0  |6 379_980000000000000_UNE_1997  |7 0  |8 P  |9 340910  |a BIBEDU  |b BIBEDU  |c BIBEDU_PB  |d 2019-11-20  |h v.3  |i 3630846  |o 379.98 UNE 1997  |p 3630846  |r 2024-01-25  |w 2019-11-20  |y BK  |k BME